Statistics for Sichuan Province Quiz

Click here to take the quiz!

General Stats

  • This quiz has been taken 57 times
  • The average score is 9 of 12

Answer Stats

HintAnswer% Correct
Capital cityCh{engdu}
94%
Major riverYangtze
94%
City that historically belonged to Sichuan and now forms its own provinceChongqing
91%
Disaster that struck Sichuan in 2008Earthquake
91%
A giant statue of this religious figure is carved into red cliffs at Mount EmeiBuddha
89%
Most wild specimen of these endangered bears live in SichuanGiant panda
89%
Sichuan was the last mainland stronghold of this Chinese leader in 1949Chiang Kai-shek
85%
This Venetian explorer visited the capital in the 13th centuryMarco Polo
83%
This kind of money was first issued in the capital in the 11th centuryPaper money
74%
What kind of food comes in the varieties Kung Pao, Spicy deep-fried, and Three-pepper?Chicken
72%
This "Architect of Modern China" was born in Sichuan in 1904Deng Xiaoping
62%
This German dramatist wrote "The Good Person of Szechwan" in 1941Bertolt Brecht
19%

Score Distribution

Percentile by Number Answered

Percent of People with Each Score

Your Score History

You have not taken this quiz